| 000 | 01826cam a2200385 i 4500 | ||
|---|---|---|---|
| 999 |
_c329899 _d329899 |
||
| 001 | 18011790 | ||
| 003 | NUST | ||
| 005 | 20180117090026.0 | ||
| 008 | 140117s2014 nyu b 001 0 eng | ||
| 010 | _a 2013049716 | ||
| 020 | _a9780804136785 (pbk.) | ||
| 020 | _z9780804136792 (ebook) | ||
| 040 |
_aDLC _beng _cDLC _erda _dDLC |
||
| 042 | _apcc | ||
| 043 | _an-us--- | ||
| 050 | 0 | 0 |
_aPN4756 _b.K67 2014 |
| 082 | 0 | 0 |
_a071/.3 _223 |
| 100 | 1 |
_aKovach, Bill. _91593 |
|
| 245 | 1 | 4 |
_aThe elements of journalism : _bwhat newspeople should know and the public should expect / _cBill Kovach & Tom Rosenstiel. |
| 250 | _aRevised and updated third edition. | ||
| 264 | 1 |
_aNew York : _bThree Rivers Press, _c[2014] |
|
| 300 |
_axv, 332 pages ; _c21 cm |
||
| 336 |
_atext _2rdacontent |
||
| 337 |
_aunmediated _2rdamedia |
||
| 338 |
_avolume _2rdacarrier |
||
| 504 | _aIncludes bibiographical references and index. | ||
| 505 | 0 | _aIntroduction -- What is journalism for? -- Truth: the first and most confusing principle -- Who journalists work for -- Journalism of verification -- Independence from faction -- Monitor power and offer voice to the voiceless -- Journalism as a public forum -- Engagement and relevance -- Make the news comprehensive and proportional -- Journalists have a responsibility to conscience -- The rights and responsibilities of citizens. | |
| 650 | 0 |
_aJournalistic ethics. _91594 |
|
| 650 | 0 |
_aJournalism _zUnited States. _91595 |
|
| 700 | 1 |
_aRosenstiel, Tom. _91596 |
|
| 906 |
_a7 _bcbc _corignew _d1 _eecip _f20 _gy-gencatlg |
||
| 942 |
_2ddc _cBK |
||